Dostihoví amatéři v roce 1970

Bibliographic Details
Main Author: Šindler, Jiří (Author)
Format: Article
Language:Slovak
Czech
Subjects:

MARC

LEADER 00000nab a2200000 a 4500
001 vtls009481949
003 SK-MaSNL
005 20260304151156.0
008 250506 1971 xo 000 0 slo
015 |a SNBRB1971  |2 snkbucl 
035 |a (uuid)f82e1d1b-1cc1-4f15-a0d5-f5837725b238 
035 |a urn:nbn:sk:snk-ab146e 
035 |a (urnnbn)urn:nbn:sk:snk:ar-002vrc 
040 |a SNKBUCL  |b slo  |c SNKBUCL  |e AACR2 
041 0 |a cze 
044 |a xo  |c SK 
080 |a 798.4  |2 2001 
100 1 |a Šindler, Jiří  |4 aut  |9 683686 
245 1 0 |a Dostihoví amatéři v roce 1970  |c Jiří Šindler 
650 0 7 |a jazdectvo  |2 snkbucl  |9 3225 
650 0 7 |a konské dostihy  |2 snkbucl  |9 3226 
773 0 |t Jazdectvo  |g Roč. 19, č. 1 (1971), s. 13 
850 |a Slovenská národná knižnica 
852 |a Slovenská národná knižnica 
954 |a odborná, vedecká literatúra cudzojazyčná (svetová)  |2 lita 
954 |a odborná, vedecká literatúra pôvodná (slovenská)  |2 lita 
958 |a article27 
958 |a OND 
958 |a EUIPO 
999 |c 2941952  |d 2943882